Simulaciones numéricas para sismos fuertes de Costa Rica
Αποθηκεύτηκε σε:
| Κύριος συγγραφέας: | |
|---|---|
| Μορφή: | Βιβλίο |
| Γλώσσα: | Spanish |
| Έκδοση: |
[San José, Costa Rica] : Universidad de Costa Rica, [Facultad de Ingeniería], Instituto de Investigaciones en Ingeniería, Laboratorio de Ingeniería Sísmica
2012
|
| Ετικέτες: |
Προσθήκη ετικέτας
Δεν υπάρχουν, Καταχωρήστε ετικέτα πρώτοι!
|
MARC
| LEADER | 00000nam a2200000Ia 4500 | ||
|---|---|---|---|
| 003 | PI0211 | ||
| 005 | 20240529104739.0 | ||
| 008 | 140114s2012 cr a 000 ||spa d | ||
| 040 | |c cru CEDI | ||
| 100 | |a Moya Fernández, César Aarón, 1971- |9 1741 | ||
| 245 | |a Simulaciones numéricas para sismos fuertes de Costa Rica | ||
| 260 | |a [San José, Costa Rica] : Universidad de Costa Rica, [Facultad de Ingeniería], Instituto de Investigaciones en Ingeniería, Laboratorio de Ingeniería Sísmica |c 2012 | ||
| 500 | |a Informe Final No 731-A9-196 | ||
| 942 | |c PI |h PI-211 |i PI0212 |6 PI_211_PI0212 | ||
| 999 | |c 12628 |d 12628 | ||
